Normal view
MARC view
- تاليف الزلمي، مصطفى ابراهيم، م.مشارك علي احمد صالح المهداوي
Entry Personal Name
001 - CONTROL NUMBER
- control field: 46504
003 - CONTROL NUMBER IDENTIFIER
- control field: JO-AjAnu
005 - DATE AND TIME OF LATEST TRANSACTION
- control field: 20230606081702.0
008 - FIXED-LENGTH DATA ELEMENTS
- fixed length control field: 230606|| aca||aabn | a|a d
040 ## - CATALOGING SOURCE
- Original cataloging agency: JO-AjAnu
- Transcribing agency: JO-AjAnu
100 ## - HEADING--PERSONAL NAME
- Personal name: تاليف الزلمي، مصطفى ابراهيم، م.مشارك علي احمد صالح المهداوي
670 ## - SOURCE DATA FOUND
- Source citation: Work cat.: (JO-AjAnu)23804: تاليف الزلمي، مصطفى ابراهيم، م.مشارك علي احمد صالح المهداوي, author, اصول الفقه في نسيجه الجديد وتطبيقاته في التشريعات القانونية وخاصة القانون المدني الاردني رقم 43 لسنة 1976